Statistics for August 29th: Birthdays

Click here to take the quiz!

General Stats

  • This quiz has been taken 5 times
  • The average score is 2 of 8

Answer Stats

YearClueAnswer% Correct
1958Artist of ThrillerMichael Jackson
100%
1915Actress in CasablancaIngrid Bergman
40%
1936Presidential nominee 2008John McCain
40%
1923Actor in Jurassic ParkRichard Attenborough
40%
1632"Father of Liberalism"John Locke
20%
1983CEO of AirbnbBrian Chesky
0%
1974Sports Anchor for TSNJay Onrait
0%
1882Won Nobel 1911Maurice Maeterlinck
0%

Score Distribution

Percentile by Number Answered

Percent of People with Each Score

Your Score History

You have not taken this quiz